000
00280nam a22001217a 4500
041
_a
ENG
100
_a
Dastane.S
245
_a
Maharashtra 2002
260
_a
Pune
_b
Dastane Ramchandra Ain Comp
_c
2001
300
_a
330
650
_a
Competitive Exam
856
_u
Competitive Exam ( 35 )
999
_c
964
_d
964